Religion Quiz

Random Religion or Bible Quiz

Quick Pick: Deuteronomy 6:5 (NIV) Quiz Stats

 Plays Quiz not verified by Sporcle

Score 0/19 Timer 01:30
2 Plays Today
% Correct
Love
66.9%
Lord
66.2%
heart
63.3%
your
61.8%
all
61.3%
the
60.7%
God
60.7%
your
58.9%
with
55.6%
strength.
53.5%
% Correct
all
52.4%
and
51.3%
all
50.7%
your
49.8%
and
48.4%
with
48%
soul
46.4%
your
45.3%
with
37.1%

You're not logged in!

Compare scores with friends on all Sporcle quizzes.
OR
Log In

Show Comments

Extras

Top Quizzes Today


Score Distribution

Your Account Isn't Verified!

In order to create a playlist on Sporcle, you need to verify the email address you used during registration. Go to your Sporcle Settings to finish the process.

Report this User

Report this user for behavior that violates our Community Guidelines.

Details: